[Event "PRVA LIGA CS 2020"]
[Site "Bajina basta"]
[Date "2020.10.15"]
[Round "8.2"]
[White "Vujcic, Milena"]
[Black "Veselinov, Ivica"]
[Result "1-0"]
[WhiteElo "2059"]
[BlackElo "1836"]
[PlyCount "71"]
[EventDate "2020.10.10"]
[WhiteTeam "OSK PARACIN - Paracin"]
[BlackTeam "RADNIK Surdulica"]

1. e4 d5 2. exd5 Qxd5 3. Nc3 Qa5 4. d4 c6 5. Bc4 Bf5 6. Nf3 Nf6 7. Bd2 Qc7 8.
Ne5 e6 9. g4 Bg6 10. h4 Be4 11. Rh3 Bd5 12. Bd3 Nbd7 13. Bf4 Nxe5 14. Bxe5 Bd6
15. Bxd6 Qxd6 16. g5 Nd7 17. Qg4 O-O-O 18. O-O-O Nb6 19. Kb1 Bc4 20. Bxc4 Nxc4
21. Ne4 Qd5 22. b3 Qb5 23. Nc5 Nd6 24. Nd3 Nf5 25. Ne5 Rhf8 26. c4 Qb6 27. Rhd3
Qb4 28. Kb2 Qd6 29. Qe4 Qe7 30. d5 Nd6 31. Qd4 exd5 32. cxd5 Nb5 33. Qg4+ Kb8
34. Qg3 Ka8 35. dxc6 Qa3+ 36. Ka1 1-0

[Event "I Liga Centralne Srbije"]
[Site "Bajina Bašta, Serbia"]
[Date "2020.10.15"]
[Round "8.3"]
[White "Dimitrov, Radoslav"]
[Black "Celik, Hasan Huseyin"]
[Result "1-0"]
[WhiteElo "2507"]
[BlackElo "1970"]
[Annotator "Knez"]
[PlyCount "67"]
[EventDate "2020.??.??"]
[TimeControl "90"]
[WhiteClock "0:18:59"]
[BlackClock "0:20:17"]

1. d4 {[%emt 0:00:00]} d5 {[%emt 0:00:00]} 2. c4 {[%emt 0:00:00]} c6 {[%emt 0:
00:00]} 3. Nf3 {[%emt 0:00:00]} e6 {[%emt 0:00:00]} 4. Qc2 {[%emt 0:00:00]} Nf6
{[%emt 0:00:00]} 5. Bg5 {[%emt 0:00:00]} Be7 {[%emt 0:00:00]} 6. e3 {[%emt 0:
00:00]} O-O {[%emt 0:00:00]} 7. Nc3 {[%emt 0:00:00]} Nbd7 {[%emt 0:00:00]} 8.
Rd1 {[%emt 0:00:00]} h6 {[%emt 0:00:00]} 9. Bh4 {[%emt 0:00:00]} b6 {[%emt 0:
00:00]} 10. Bd3 {[%emt 0:00:00]} Bb7 {[%emt 0:00:00]} 11. O-O {[%emt 0:00:00]}
Rc8 {[%emt 0:00:00]} 12. Bxf6 {[%emt 0:00:00]} Nxf6 {[%emt 0:00:00]} 13. e4 {
[%emt 0:00:00]} dxe4 {[%emt 0:00:00]} 14. Nxe4 {[%emt 0:00:00]} Qc7 {[%emt 0:
00:00]} 15. c5 {[%emt 0:00:00]} Rfd8 {[%emt 0:00:00]} 16. b4 {[%emt 0:00:00]}
Nxe4 {[%emt 0:00:00]} 17. Bxe4 {[%emt 0:00:00]} a5 {[%emt 0:00:00]} 18. a3 {
[%emt 0:00:00]} axb4 {[%emt 0:00:00]} 19. axb4 {[%emt 0:00:00]} bxc5 {[%emt 0:
00:00]} 20. dxc5 {[%emt 0:00:00]} Ba6 {[%emt 0:00:00]} 21. Rxd8+ {[%emt 0:00:
00]} Rxd8 {[%emt 0:00:00]} 22. Rd1 {[%emt 0:00:00]} Rb8 {[%emt 0:00:00]} 23.
Ra1 {[%emt 0:00:00]} Bb5 {[%emt 0:00:00]} 24. Nd4 {[%emt 0:00:00]} Qe5 {
[%emt 0:00:00]} 25. Rd1 {[%emt 0:00:00]} Qc7 {[%emt 0:00:00]} 26. g3 {[%emt 0:
00:00]} Bf8 {[%emt 0:00:00]} 27. Rd2 {[%emt 0:00:00]} Qe5 {[%emt 0:00:00]} 28.
Nxb5 {[%emt 0:00:00]} Rxb5 {[%emt 0:00:00]} 29. Rd8 {[%emt 0:00:00]} g5 {
[%emt 0:00:00]} 30. Qc4 {[%emt 0:00:00]} Qa1+ {[%emt 0:00:00]} 31. Kg2 {
[%emt 0:00:00]} Qb2 {[%emt 0:00:00]} 32. Bc2 {[%emt 0:00:00]} Rxb4 {[%emt 0:00:
00]} 33. Qd3 {[%emt 0:00:00]} Qg7 {[%emt 0:00:00]} 34. Rxf8+ {[%emt 0:00:00]}
1-0

[Event "I Liga Centralne Srbije"]
[Site "Bajina Bašta, Serbia"]
[Date "2020.10.15"]
[Round "8.3"]
[White "Radovanovic, Jovica"]
[Black "Gavrilovic, Leonardo"]
[Result "1-0"]
[WhiteElo "2303"]
[BlackElo "2246"]
[Annotator "Knez"]
[PlyCount "85"]
[EventDate "2020.??.??"]
[TimeControl "90"]

1. d4 {[%emt 0:48:44]} Nf6 2. c4 e6 3. Nc3 Bb4 4. Nf3 b6 5. Bg5 Bb7 6. e3 h6 {
[%emt 0:00:35]} 7. Bh4 {[%emt 0:00:07]} O-O {[%emt 0:00:21]} 8. Bd3 {[%emt 0:
01:33]} c5 {[%emt 0:01:08]} 9. O-O {[%emt 0:02:00]} cxd4 {[%emt 0:04:56]} 10.
exd4 {[%emt 0:00:07]} Bxc3 {[%emt 0:02:13]} 11. bxc3 {[%emt 0:00:08]} d6 {
[%emt 0:00:17]} 12. Re1 {[%emt 0:06:17]} Nbd7 {[%emt 0:00:13]} 13. Nd2 {
[%emt 0:02:43]} Qc7 {[%emt 0:00:42]} 14. a4 {[%emt 0:01:43]} d5 {[%emt 0:05:55]
} 15. Bg3 {[%emt 0:06:56]} Qc6 {[%emt 0:00:32]} 16. f3 {[%emt 0:07:11]} a5 {
[%emt 0:02:29]} 17. Rc1 {[%emt 0:06:25]} dxc4 {[%emt 0:10:16]} 18. Bxc4 {
[%emt 0:02:30]} Ba6 {[%emt 0:01:14]} 19. Bb3 {[%emt 0:04:00]} Nh5 {[%emt 0:01:
06]} 20. Ne4 {[%emt 0:03:08]} Nxg3 {[%emt 0:01:27]} 21. hxg3 {[%emt 0:00:04]}
Bc4 {[%emt 0:01:52]} 22. g4 {[%emt 0:01:28]} Rfd8 {[%emt 0:07:32]} 23. Qc2 {
[%emt 0:03:28]} Nf8 {[%emt 0:01:46]} 24. Bxc4 {[%emt 0:01:39]} Qxc4 {[%emt 0:
00:10]} 25. Nd2 {[%emt 0:04:09]} Qc7 {[%emt 0:01:02]} 26. Ne4 {[%emt 0:03:25]}
Ng6 {[%emt 0:02:40]} 27. Qf2 {[%emt 0:05:39]} Nf4 {[%emt 0:02:00]} 28. Qf1 {
[%emt 0:07:59]} Rac8 {[%emt 0:03:23]} 29. Nd2 {[%emt 0:08:36]} Qc6 {[%emt 0:06:
16]} 30. Re4 {[%emt 0:00:42]} Nd5 {[%emt 0:00:45]} 31. Ree1 {[%emt 0:06:20]}
Qxa4 {[%emt 0:01:40]} 32. Qd3 {[%emt 0:00:05]} Qc6 {[%emt 0:07:24]} 33. Kh1 {
[%emt 0:00:59]} Rd7 {[%emt 0:03:22]} 34. Ne4 {[%emt 0:01:54]} Qc7 {[%emt 0:02:
21]} 35. g5 {[%emt 0:03:23]} Nf4 {[%emt 0:03:13]} 36. Qe3 {[%emt 0:01:18]} hxg5
{[%emt 0:00:24]} 37. g3 {[%emt 0:01:19]} Nd5 {[%emt 0:03:18]} 38. Qxg5 {
[%emt 0:00:27]} Qd8 {[%emt 0:03:23]} 39. Qh5 {[%emt 0:00:27]} Nf6 {[%emt 0:00:
24]} 40. Nxf6+ {[%emt 0:00:49]} Qxf6 {[%emt 0:00:15]} 41. Kg2 {[%emt 0:02:09]}
Rd5 {[%emt 0:00:44]} 42. Qh2 {[%emt 0:01:22]} Kf8 43. Qh8+ 1-0

[Event "PRVA LIGA CS 2020"]
[Site "Bajina basta"]
[Date "2020.10.15"]
[Round "8.4"]
[White "Drenchev, Petar"]
[Black "Narancic, Vlado"]
[Result "1/2-1/2"]
[WhiteElo "2434"]
[BlackElo "2281"]
[PlyCount "111"]
[EventDate "2020.10.10"]
[WhiteTeam "ASK - Arandjelovac"]
[BlackTeam "VSK SVETI NIKOLAJ SRPSKI - Valjevo"]

1. d4 Nf6 2. c4 g6 3. Nc3 Bg7 4. e4 d6 5. Be2 O-O 6. Bg5 c5 7. d5 e6 8. Qd2
exd5 9. exd5 Re8 10. Nf3 Bg4 11. O-O Bxf3 12. Bxf3 Nbd7 13. Rae1 Ne5 14. Be2
Qa5 15. Qc2 a6 16. a4 Qb4 17. b3 Rab8 18. Bd2 Qb6 19. h3 Ned7 20. Bd1 Rxe1 21.
Rxe1 Re8 22. Rxe8+ Nxe8 23. Qe4 Qd8 24. Bc2 Kf8 25. g3 Qf6 26. Kg2 Qd4 27. Qxd4
Bxd4 28. a5 Ke7 29. f4 f5 30. Ne2 Bb2 31. g4 Ng7 32. Ng3 Kf6 33. Kf3 h5 34.
gxf5 gxf5 35. Be1 Kg6 36. Ne2 Bf6 37. Nc3 Bd8 38. Na4 Be7 39. b4 Ne8 40. Nb6
Nxb6 41. axb6 Bd8 42. Ba4 Nf6 43. bxc5 dxc5 44. Ba5 Ne4 45. Ke3 Nd6 46. Kd3 Bf6
47. Bd7 Bd8 48. Kc3 Bf6+ 49. Kb3 Bd8 50. Be6 Ne4 51. Bc8 Nd6 52. Bd7 Ne4 53.
Be8+ Kh6 54. Bc6 Nd6 55. Bd7 Kg6 56. Be6 1/2-1/2

[Event "PRVA LIGA CS 2020"]
[Site "Bajina basta"]
[Date "2020.10.15"]
[Round "8.4"]
[White "Popovic, Nenad"]
[Black "Vojinovic, Luka"]
[Result "1-0"]
[WhiteElo "2249"]
[BlackElo "2271"]
[PlyCount "61"]
[EventDate "2020.10.10"]
[WhiteTeam "VSK SVETI NIKOLAJ SRPSKI - Valjevo"]
[BlackTeam "ASK - Arandjelovac"]

1. d4 d5 2. c4 c6 3. e3 Nf6 4. Qc2 Na6 5. a3 g6 6. Bd3 c5 7. Nf3 cxd4 8. exd4
dxc4 9. Bxc4 Bg7 10. O-O O-O 11. b4 Nd5 12. Qb3 Nb6 13. Bf4 Nxc4 14. Qxc4 Be6
15. Qd3 Rc8 16. Nbd2 Nc7 17. Rfc1 Nd5 18. Bg3 Nb6 19. Ne4 Bf5 20. Rc5 Na4 21.
Rxc8 Qxc8 22. Qe3 Nb6 23. Rc1 Nc4 24. Qe2 Qe6 25. Nfg5 Qd5 26. Rxc4 b5 27. Rc5
Qxd4 28. Nc3 Bg4 29. Nf3 Bxf3 30. Qxf3 Qd2 31. h4 1-0

[Event "PRVA LIGA CS 2020"]
[Site "Bajina basta"]
[Date "2020.10.15"]
[Round "8.5"]
[White "Dizdarevic, Emir"]
[Black "Sredojevic, Ivan"]
[Result "1/2-1/2"]
[WhiteElo "2444"]
[BlackElo "2258"]
[PlyCount "23"]
[EventDate "2020.10.10"]
[WhiteTeam "SLOGA - Kraljevo"]
[BlackTeam "KRUSIK - Valjevo"]

1. d4 d5 2. c4 e6 3. Nc3 Nf6 4. cxd5 Nxd5 5. e4 Nxc3 6. bxc3 c5 7. Nf3 cxd4 8.
cxd4 Bb4+ 9. Bd2 Bxd2+ 10. Qxd2 O-O 11. Bc4 Nd7 12. O-O 1/2-1/2

[Event "PRVA LIGA CS 2020"]
[Site "Bajina basta"]
[Date "2020.10.15"]
[Round "8.5"]
[White "Djakovac, Enes"]
[Black "Jovcic, Zoran"]
[Result "1/2-1/2"]
[WhiteElo "2165"]
[BlackElo "2140"]
[PlyCount "20"]
[EventDate "2020.10.10"]
[WhiteTeam "SLOGA - Kraljevo"]
[BlackTeam "KRUSIK - Valjevo"]

1. e4 c5 2. Nf3 d6 3. Bc4 Nf6 4. d3 Nc6 5. O-O e6 6. Re1 Be7 7. Nc3 O-O 8. a3
a6 9. d4 cxd4 10. Nxd4 Qc7 1/2-1/2

[Event "I Liga Centralne Srbije"]
[Site "Bajina Bašta, Serbia"]
[Date "2020.10.15"]
[Round "8.6"]
[White "Budisavljevic, Luka"]
[Black "Kojovic, Dragan"]
[Result "1/2-1/2"]
[WhiteElo "2454"]
[BlackElo "2307"]
[Annotator "Knez"]
[PlyCount "96"]
[EventDate "2020.??.??"]
[TimeControl "90"]
[WhiteClock "0:00:47"]
[BlackClock "0:01:53"]

1. d4 {[%emt 0:00:00]} Nf6 {[%emt 0:00:00]} 2. c4 {[%emt 0:00:00]} e6 {[%emt 0:
00:00]} 3. Nc3 {[%emt 0:00:00]} d5 {[%emt 0:00:00]} 4. cxd5 {[%emt 0:00:00]}
exd5 {[%emt 0:00:00]} 5. Bg5 {[%emt 0:00:00]} c6 {[%emt 0:00:00]} 6. e3 {
[%emt 0:00:00]} Be7 {[%emt 0:00:00]} 7. Bd3 {[%emt 0:00:00]} h6 {[%emt 0:00:00]
} 8. Bh4 {[%emt 0:00:00]} Nbd7 {[%emt 0:00:00]} 9. Qc2 {[%emt 0:00:00]} Nh5 {
[%emt 0:00:00]} 10. Bxe7 {[%emt 0:00:00]} Qxe7 {[%emt 0:00:00]} 11. Nge2 {
[%emt 0:00:00]} Ndf6 {[%emt 0:00:00]} 12. O-O-O {[%emt 0:00:00]} g6 {[%emt 0:
00:00]} 13. Kb1 {[%emt 0:00:00]} Ng7 {[%emt 0:00:00]} 14. Ng3 {[%emt 0:00:00]}
Be6 {[%emt 0:00:00]} 15. Rc1 {[%emt 0:00:00]} O-O-O {[%emt 0:00:00]} 16. Na4 {
[%emt 0:00:00]} Kb8 {[%emt 0:00:00]} 17. Nc5 {[%emt 0:00:00]} Bc8 {[%emt 0:00:
00]} 18. Qa4 {[%emt 0:00:00]} Ne6 {[%emt 0:00:00]} 19. Nb3 {[%emt 0:00:00]} h5
{[%emt 0:00:00]} 20. h4 {[%emt 0:00:00]} Ng4 {[%emt 0:00:00]} 21. Rc2 {[%emt 0:
00:00]} f5 {[%emt 0:00:00]} 22. Rhc1 {[%emt 0:00:00]} Rde8 {[%emt 0:00:00]} 23.
Na5 {[%emt 0:00:00]} Nd8 {[%emt 0:00:00]} 24. b4 {[%emt 0:00:00]} Nxf2 {
[%emt 0:00:00]} 25. Rxf2 {[%emt 0:00:00]} Qxe3 {[%emt 0:00:00]} 26. Rf3 {
[%emt 0:00:00]} Qxd4 {[%emt 0:00:00]} 27. Ne2 {[%emt 0:00:00]} Qxh4 {[%emt 0:
00:00]} 28. Qb3 {[%emt 0:00:00]} a6 {[%emt 0:00:00]} 29. Qc3 {[%emt 0:00:00]}
Rh7 {[%emt 0:00:00]} 30. Nd4 {[%emt 0:00:00]} Rc7 {[%emt 0:00:00]} 31. Qc5 {
[%emt 0:00:00]} Ne6 {[%emt 0:00:02]} 32. Nxe6 {[%emt 0:00:00]} Rxe6 {[%emt 0:
00:00]} 33. Nb3 {[%emt 0:00:00]} Qg5 {[%emt 0:00:51]} 34. Bf1 {[%emt 0:00:04]}
Re4 {[%emt 0:00:00]} 35. Qb6 {[%emt 0:00:22]} Qg4 {[%emt 0:00:00]} 36. a3 {
[%emt 0:00:00]} Rce7 {[%emt 0:00:00]} 37. Na5 {[%emt 0:00:22]} Ka8 {[%emt 0:00:
00]} 38. Bxa6 {[%emt 0:00:00]} Re1 {[%emt 0:00:00]} 39. Rfc3 {[%emt 0:00:05]}
bxa6 {[%emt 0:00:00]} 40. Qxc6+ {[%emt 0:00:00]} Bb7 {[%emt 0:00:00]} 41. Nxb7
{[%emt 0:00:00]} Rxc1+ {[%emt 0:00:00]} 42. Rxc1 {[%emt 0:00:00]} Qe4+ {
[%emt 0:00:00]} 43. Kb2 {[%emt 0:00:00]} Qd4+ {[%emt 0:00:00]} 44. Kb3 {
[%emt 0:00:00]} Qd3+ {[%emt 0:00:00]} 45. Rc3 {[%emt 0:00:00]} Qd1+ {[%emt 0:
00:00]} 46. Rc2 {[%emt 0:00:00]} Qd3+ {[%emt 0:00:00]} 47. Rc3 {[%emt 0:00:00]}
Qd1+ {[%emt 0:00:00]} 48. Rc2 {[%emt 0:00:00]} Qd3+ {[%emt 0:00:00]} 1/2-1/2

[Event "I Liga Centralne Srbije"]
[Site "Bajina Bašta, Serbia"]
[Date "2020.10.15"]
[Round "8.6"]
[White "Ostojic, Nikola"]
[Black "Maksimovic, Bojan"]
[Result "1/2-1/2"]
[WhiteElo "2406"]
[BlackElo "2398"]
[Annotator "Knez"]
[PlyCount "39"]
[EventDate "2020.??.??"]
[TimeControl "90"]
[WhiteClock "0:16:49"]
[BlackClock "0:39:04"]

1. Nf3 {[%emt 0:00:00]} Nf6 {[%emt 0:00:00]} 2. c4 {[%emt 0:00:00]} g6 {
[%emt 0:00:00]} 3. b3 {[%emt 0:00:00]} Bg7 {[%emt 0:00:00]} 4. Bb2 {[%emt 0:00:
00]} O-O {[%emt 0:00:00]} 5. e3 {[%emt 0:00:00]} c5 {[%emt 0:00:00]} 6. Be2 {
[%emt 0:00:00]} Nc6 {[%emt 0:00:00]} 7. O-O {[%emt 0:00:00]} d6 {[%emt 0:00:00]
} 8. d4 {[%emt 0:00:00]} cxd4 {[%emt 0:00:00]} 9. Nxd4 {[%emt 0:00:00]} Nxd4 {
[%emt 0:00:00]} 10. Qxd4 {[%emt 0:00:00]} Bd7 {[%emt 0:00:00]} 11. Nc3 {
[%emt 0:00:00]} Bc6 {[%emt 0:00:00]} 12. Qd2 {[%emt 0:00:00]} Nd7 {[%emt 0:00:
00]} 13. b4 {[%emt 0:00:00]} b6 {[%emt 0:00:00]} 14. a3 {[%emt 0:00:00]} Rc8 {
[%emt 0:00:00]} 15. Rac1 {[%emt 0:00:00]} Nf6 {[%emt 0:00:00]} 16. Rfd1 {
[%emt 0:00:00]} Ba8 {[%emt 0:00:00]} 17. f3 {[%emt 0:00:00]} Qd7 {[%emt 0:00:
00]} 18. e4 {[%emt 0:00:00]} Rfd8 {[%emt 0:00:00]} 19. Nd5 {[%emt 0:00:00]}
Nxd5 {[%emt 0:00:00]} 20. exd5 {[%emt 0:09:08]} 1/2-1/2

[Event "I Liga Centralne Srbije"]
[Site "Bajina Bašta, Serbia"]
[Date "2020.10.15"]
[Round "8.6"]
[White "Jovanovic, Dusan D"]
[Black "Solomunovic, Igor"]
[Result "1-0"]
[WhiteElo "2412"]
[BlackElo "2355"]
[Annotator "Knez"]
[PlyCount "61"]
[EventDate "2020.??.??"]
[TimeControl "90"]
[WhiteClock "0:01:12"]
[BlackClock "0:04:10"]

1. Nf3 {[%emt 0:00:00]} Nf6 {[%emt 0:00:00]} 2. c4 {[%emt 0:00:00]} g6 {
[%emt 0:00:00]} 3. Nc3 {[%emt 0:00:00]} Bg7 {[%emt 0:00:00]} 4. e4 {[%emt 0:00:
00]} d6 {[%emt 0:00:00]} 5. d4 {[%emt 0:00:00]} O-O {[%emt 0:00:00]} 6. h3 {
[%emt 0:00:00]} Na6 {[%emt 0:00:00]} 7. Be3 {[%emt 0:00:00]} Qe8 {[%emt 0:00:
00]} 8. c5 {[%emt 0:00:00]} dxc5 {[%emt 0:00:00]} 9. dxc5 {[%emt 0:00:00]} Nd7
{[%emt 0:00:00]} 10. Bxa6 {[%emt 0:00:00]} bxa6 {[%emt 0:00:00]} 11. Qc2 {
[%emt 0:00:00]} Rb8 {[%emt 0:00:00]} 12. O-O {[%emt 0:00:00]} Bb7 {[%emt 0:00:
00]} 13. Rac1 {[%emt 0:00:00]} f5 {[%emt 0:00:00]} 14. Nd5 {[%emt 0:00:00]}
Bxd5 {[%emt 0:00:00]} 15. exd5 {[%emt 0:00:00]} e5 {[%emt 0:00:00]} 16. dxe6 {
[%emt 0:00:00]} Qxe6 {[%emt 0:00:00]} 17. b3 {[%emt 0:00:00]} h6 {[%emt 0:00:
00]} 18. Rfe1 {[%emt 0:00:00]} Qf7 {[%emt 0:00:00]} 19. Bf4 {[%emt 0:00:00]}
Rb5 {[%emt 0:00:00]} 20. c6 {[%emt 0:00:00]} Nb6 {[%emt 0:00:00]} 21. Rcd1 {
[%emt 0:00:00]} g5 {[%emt 0:00:00]} 22. Be5 {[%emt 0:00:00]} Rd5 {[%emt 0:00:
07]} 23. Rxd5 {[%emt 0:00:00]} Nxd5 {[%emt 0:00:00]} 24. Bxg7 {[%emt 0:00:00]}
Kxg7 {[%emt 0:00:00]} 25. Qc5 {[%emt 0:00:00]} Rd8 {[%emt 0:00:01]} 26. Nd4 {
[%emt 0:00:00]} Rd6 {[%emt 0:00:00]} 27. Re5 {[%emt 0:00:00]} Kg6 {[%emt 0:00:
49]} 28. Nxf5 {[%emt 0:00:00]} Rd8 {[%emt 0:00:01]} 29. Rxd5 {[%emt 0:00:00]}
Rxd5 {[%emt 0:00:00]} 30. Ne7+ {[%emt 0:00:00]} Kh7 {[%emt 0:00:00]} 31. Nxd5 {
[%emt 0:00:00]} 1-0

[Event "I Liga Centralne Srbije"]
[Site "Bajina Bašta, Serbia"]
[Date "2020.10.15"]
[Round "8.6"]
[White "Rabrenovic, Vladan"]
[Black "Ivanovic, Marko"]
[Result "1-0"]
[WhiteElo "2302"]
[BlackElo "2277"]
[Annotator "Knez"]
[PlyCount "79"]
[EventDate "2020.??.??"]
[TimeControl "90"]
[WhiteClock "0:00:32"]
[BlackClock "0:03:39"]

1. d4 {[%emt 0:00:00]} d6 {[%emt 0:00:00]} 2. Nf3 {[%emt 0:00:00]} Nf6 {
[%emt 0:00:00]} 3. Nbd2 {[%emt 0:00:00]} Nbd7 {[%emt 0:00:00]} 4. e4 {[%emt 0:
00:00]} e5 {[%emt 0:00:00]} 5. c3 {[%emt 0:00:00]} Be7 {[%emt 0:00:00]} 6. Bd3
{[%emt 0:00:00]} c6 {[%emt 0:00:00]} 7. a4 {[%emt 0:00:00]} O-O {[%emt 0:00:00]
} 8. O-O {[%emt 0:00:00]} b6 {[%emt 0:00:00]} 9. Re1 {[%emt 0:00:00]} Re8 {
[%emt 0:00:00]} 10. h3 {[%emt 0:00:00]} Qc7 {[%emt 0:00:00]} 11. Nf1 {[%emt 0:
00:00]} Bf8 {[%emt 0:00:00]} 12. Ng3 {[%emt 0:00:00]} Bb7 {[%emt 0:00:00]} 13.
Bg5 {[%emt 0:00:00]} h6 {[%emt 0:00:00]} 14. Bd2 {[%emt 0:00:00]} Rad8 {
[%emt 0:00:00]} 15. Qc2 {[%emt 0:00:00]} a6 {[%emt 0:00:00]} 16. b3 {[%emt 0:
00:00]} g6 {[%emt 0:00:00]} 17. Bc1 {[%emt 0:00:00]} Bg7 {[%emt 0:00:00]} 18.
dxe5 {[%emt 0:00:00]} dxe5 {[%emt 0:00:00]} 19. Be3 {[%emt 0:00:00]} Bf8 {
[%emt 0:00:00]} 20. Nd2 {[%emt 0:00:00]} Nc5 {[%emt 0:00:00]} 21. Bf1 {[%emt 0:
00:00]} h5 {[%emt 0:00:00]} 22. b4 {[%emt 0:00:00]} Ncd7 {[%emt 0:00:00]} 23.
Be2 {[%emt 0:00:00]} c5 {[%emt 0:00:00]} 24. b5 {[%emt 0:00:00]} axb5 {[%emt 0:
00:00]} 25. axb5 {[%emt 0:00:00]} h4 {[%emt 0:00:00]} 26. Ngf1 {[%emt 0:00:00]}
c4 {[%emt 0:00:00]} 27. Bg5 {[%emt 0:00:00]} Be7 {[%emt 0:00:00]} 28. Ne3 {
[%emt 0:00:00]} Nc5 {[%emt 0:00:00]} 29. Bxf6 {[%emt 0:00:00]} Bxf6 {[%emt 0:
00:00]} 30. Bxc4 {[%emt 0:00:00]} Rxd2 {[%emt 0:00:00]} 31. Qxd2 {[%emt 0:00:
00]} Nxe4 {[%emt 0:00:00]} 32. Qc2 {[%emt 0:00:00]} Nd6 {[%emt 0:00:48]} 33.
Qxg6+ {[%emt 0:00:00]} Bg7 {[%emt 0:00:00]} 34. Qg4 {[%emt 0:00:00]} e4 {
[%emt 0:00:00]} 35. Bd5 {[%emt 0:00:00]} Bc8 {[%emt 0:00:00]} 36. Qxh4 {
[%emt 0:00:00]} Nxb5 {[%emt 0:00:00]} 37. Bxe4 {[%emt 0:00:00]} Nxc3 {[%emt 0:
00:00]} 38. Bh7+ {[%emt 0:00:00]} Kh8 {[%emt 0:00:08]} 39. Nf5 {[%emt 0:00:00]}
Rxe1+ {[%emt 0:00:02]} 40. Rxe1 {[%emt 0:00:00]} 1-0

[Event "I Liga Centralne Srbije"]
[Site "Bajina Bašta, Serbia"]
[Date "2020.10.15"]
[Round "8.6"]
[White "Djordjevic, Nebojsa"]
[Black "Colovic, Dusan"]
[Result "1-0"]
[WhiteElo "2255"]
[BlackElo "2255"]
[Annotator "Knez"]
[PlyCount "61"]
[EventDate "2020.??.??"]
[TimeControl "90"]

1. d4 {[%emt 0:49:00]} d6 2. c4 e5 3. e3 Nd7 4. Nc3 g6 5. Nf3 Bg7 6. Be2 Ne7 7.
O-O O-O 8. b3 {[%emt 0:01:11]} Nf5 {[%emt 0:09:49]} 9. Bb2 {[%emt 0:00:24]}
exd4 {[%emt 0:01:48]} 10. Nxd4 {[%emt 0:00:13]} Ne5 {[%emt 0:05:02]} 11. Nxf5 {
[%emt 0:00:32]} Bxf5 {[%emt 0:00:07]} 12. Qd2 {[%emt 0:00:12]} Re8 {[%emt 0:02:
47]} 13. Rad1 {[%emt 0:02:12]} Qh4 {[%emt 0:02:54]} 14. Nb5 {[%emt 0:03:13]}
Re7 {[%emt 0:08:30]} 15. Nd4 {[%emt 0:02:05]} Be4 {[%emt 0:01:35]} 16. f3 {
[%emt 0:07:22]} Bc6 {[%emt 0:00:51]} 17. Qe1 {[%emt 0:03:17]} Qh6 {[%emt 0:16:
51]} 18. Bc1 {[%emt 0:03:05]} f5 {[%emt 0:10:14]} 19. e4 {[%emt 0:09:20]} Qh5 {
[%emt 0:01:17]} 20. f4 {[%emt 0:04:38]} Ng4 {[%emt 0:03:22]} 21. h3 {[%emt 0:
00:12]} Rxe4 {[%emt 0:00:18]} 22. Nxc6 {[%emt 0:00:23]} bxc6 {[%emt 0:12:40]}
23. hxg4 {[%emt 0:17:53]} fxg4 {[%emt 0:00:27]} 24. Bxg4 {[%emt 0:14:19]} Rxe1
{[%emt 0:00:54]} 25. Bxh5 {[%emt 0:00:06]} Rxf1+ {[%emt 0:00:21]} 26. Kxf1 {
[%emt 0:00:11]} gxh5 {[%emt 0:00:05]} 27. Be3 {[%emt 0:00:36]} Kf7 {[%emt 0:05:
14]} 28. Kf2 {[%emt 0:00:14]} c5 {[%emt 0:05:03]} 29. Rd5 {[%emt 0:00:17]} Kg6
{[%emt 0:00:14]} 30. Rg5+ {[%emt 0:00:09]} Kh6 {[%emt 0:03:20]} 31. f5 {
[%emt 0:00:34]} 1-0

[Event "I Liga Centralne Srbije"]
[Site "Bajina Bašta, Serbia"]
[Date "2020.10.15"]
[Round "8.6"]
[White "Mijatovic, Dusan"]
[Black "Maksimovic, Boban"]
[Result "1/2-1/2"]
[WhiteElo "2177"]
[BlackElo "2216"]
[Annotator "Knez"]
[PlyCount "53"]
[EventDate "2020.??.??"]
[TimeControl "90"]
[WhiteClock "0:20:37"]
[BlackClock "0:29:27"]

1. e4 {[%emt 0:00:00]} e6 {[%emt 0:00:00]} 2. d3 {[%emt 0:00:00]} c5 {[%emt 0:
00:00]} 3. Nf3 {[%emt 0:00:00]} Nc6 {[%emt 0:00:00]} 4. g3 {[%emt 0:00:00]} g6
{[%emt 0:00:00]} 5. Bg2 {[%emt 0:00:00]} Bg7 {[%emt 0:00:00]} 6. O-O {[%emt 0:
00:00]} Nge7 {[%emt 0:00:00]} 7. Re1 {[%emt 0:00:00]} d6 {[%emt 0:00:00]} 8. c3
{[%emt 0:00:00]} e5 {[%emt 0:00:00]} 9. a3 {[%emt 0:00:00]} O-O {[%emt 0:00:00]
} 10. b4 {[%emt 0:00:00]} b6 {[%emt 0:00:00]} 11. Nbd2 {[%emt 0:00:00]} a6 {
[%emt 0:00:00]} 12. Nb3 {[%emt 0:00:00]} Bb7 {[%emt 0:00:00]} 13. Bb2 {[%emt 0:
00:00]} Rc8 {[%emt 0:00:00]} 14. Qe2 {[%emt 0:00:00]} Re8 {[%emt 0:00:00]} 15.
Bh3 {[%emt 0:00:00]} Rc7 {[%emt 0:00:00]} 16. Rf1 {[%emt 0:00:00]} cxb4 {
[%emt 0:00:00]} 17. axb4 {[%emt 0:00:00]} d5 {[%emt 0:00:00]} 18. Rad1 {
[%emt 0:00:00]} d4 {[%emt 0:00:00]} 19. cxd4 {[%emt 0:00:00]} exd4 {[%emt 0:00:
00]} 20. Qd2 {[%emt 0:00:00]} Qd6 {[%emt 0:00:00]} 21. Rc1 {[%emt 0:00:00]} Bc8
{[%emt 0:00:00]} 22. Bg2 {[%emt 0:00:00]} Be6 {[%emt 0:00:00]} 23. e5 {[%emt 0:
00:00]} Nxe5 {[%emt 0:00:00]} 24. Rxc7 {[%emt 0:00:00]} Qxc7 {[%emt 0:00:00]}
25. Nbxd4 {[%emt 0:13:47]} Bd5 {[%emt 0:00:02]} 26. Re1 N7c6 {[%emt 0:00:06]}
27. Nxe5 {[%emt 0:00:02]} 1/2-1/2